[Event "4NCL Division 2a"]
[Site "Solihull, ENG"]
[Date "2018.01.14"]
[Round "4.11"]
[White "Erdos, Viktor"]
[Black "Cornette, Matthieu"]
[Result "1/2-1/2"]
[WhiteElo "2630"]
[BlackElo "2611"]
[PlyCount "45"]
[EventDate "2018.01.14"]
[WhiteTeam "Manx Liberty"]
[BlackTeam "Celtic Tigers"]

1. Nf3 Nf6 2. c4 e6 3. Nc3 d5 4. d4 a6 5. cxd5 exd5 6. Bg5 Be6 7. e3 Nbd7 8.
Bd3 h6 9. Bf4 g5 10. Bg3 Nh5 11. Be5 Ng7 12. Bg3 Nh5 13. Qc2 Nxg3 14. hxg3 c6
15. O-O-O Bg7 16. Kb1 Qc7 17. Na4 O-O-O 18. Qb3 b5 19. Rc1 Kb7 20. Nc5+ Nxc5
21. Rxc5 Qb6 22. Rcc1 Rc8 23. Qc2 {Unable to read scoresheets.} 1/2-1/2

[Event "4NCL Division 2a"]
[Site "Solihull, ENG"]
[Date "2018.01.14"]
[Round "4.12"]
[White "Cornette, Deimante"]
[Black "Lupulescu, Constantin"]
[Result "1/2-1/2"]
[WhiteElo "2439"]
[BlackElo "2628"]
[PlyCount "40"]
[EventDate "2018.01.14"]
[WhiteTeam "Celtic Tigers"]
[BlackTeam "Manx Liberty"]

1. e4 c5 2. Nf3 Nc6 3. Bb5 g6 4. Bxc6 dxc6 5. d3 Bg7 6. h3 Nf6 7. Nc3 Nd7 8.
O-O Nf8 9. Be3 Ne6 10. Nh2 Nd4 11. Na4 b6 12. c3 Nb5 13. f4 O-O 14. Nf3 h6 15.
Qd2 f5 16. e5 Be6 17. b3 Qd7 18. Rad1 Rad8 19. Qf2 Kf7 20. h4 Kg8 1/2-1/2

[Event "4NCL Division 2a"]
[Site "Solihull, ENG"]
[Date "2018.01.14"]
[Round "4.13"]
[White "Parligras, Mircea-Emilian"]
[Black "Hoffmann, Hendrik"]
[Result "1-0"]
[WhiteElo "2632"]
[BlackElo "2232"]
[PlyCount "75"]
[EventDate "2018.01.14"]
[WhiteTeam "Manx Liberty"]
[BlackTeam "Celtic Tigers"]

1. d4 d5 2. Nf3 Nf6 3. c4 dxc4 4. e3 e6 5. Bxc4 a6 6. O-O c5 7. dxc5 Qxd1 8.
Rxd1 Bxc5 9. Be2 b6 10. Nbd2 Bb7 11. Nb3 Be7 12. Ne5 Nbd7 13. Nc4 Rc8 14. Bd2
O-O 15. f3 Bd5 16. Rdc1 a5 17. e4 Bxc4 18. Bxc4 a4 19. Nd4 Bc5 20. Be3 Ne5 21.
Be2 Nc6 22. Nc2 Bxe3+ 23. Nxe3 Nd4 24. Kf2 b5 25. Rd1 e5 26. Rac1 Rfd8 27. Nf5
Rxc1 28. Rxc1 g6 29. Nxd4 Rxd4 30. Rc5 b4 31. Ke3 a3 32. b3 Rd6 33. Rxe5 Rb6
34. Rb5 Nd7 35. Rxb6 Nxb6 36. Kd4 Na4 37. bxa4 b3 38. Bc4 1-0

[Event "4NCL Division 2a"]
[Site "Solihull, ENG"]
[Date "2018.01.14"]
[Round "4.14"]
[White "Pedersen, Carsten"]
[Black "Galyas, Miklos"]
[Result "0-1"]
[WhiteElo "2136"]
[BlackElo "2502"]
[PlyCount "64"]
[EventDate "2018.01.14"]
[WhiteTeam "Celtic Tigers"]
[BlackTeam "Manx Liberty"]

1. e4 d6 2. d4 Nf6 3. Nc3 g6 4. Nf3 Bg7 5. Be2 O-O 6. O-O a6 7. a4 Nc6 8. h3 e5
9. dxe5 dxe5 10. Qxd8 Rxd8 11. Bc4 h6 12. Be3 Bd7 13. Rfd1 Be8 14. g4 Rac8 15.
Kg2 Bf8 16. Rxd8 Rxd8 17. Nd5 Nxd5 18. Bxd5 Nb4 19. Bb3 Bc6 20. Nd2 Kg7 21. f3
Bc5 22. Nc4 Bxe3 23. Nxe3 Rd2+ 24. Kg3 Re2 25. Nc4 Kf6 26. Rc1 Bd7 27. h4 Nc6
28. Na3 Nd4 29. Bc4 Rd2 30. b3 b5 31. axb5 axb5 32. Bd3 Rxd3 0-1

[Event "4NCL Division 2a"]
[Site "Solihull, ENG"]
[Date "2018.01.14"]
[Round "4.15"]
[White "Cioara, Andrei-Nestor"]
[Black "Maciol, Ryszard"]
[Result "1-0"]
[WhiteElo "2447"]
[BlackElo "2163"]
[PlyCount "69"]
[EventDate "2018.01.14"]
[WhiteTeam "Manx Liberty"]
[BlackTeam "Celtic Tigers"]

1. d4 Nf6 2. c4 e6 3. g3 c5 4. d5 exd5 5. cxd5 d6 6. Nc3 g6 7. Bg2 Bg7 8. Nf3
O-O 9. O-O a6 10. a4 Nbd7 11. h3 Qb6 12. Bf4 Re8 13. Rc1 Nh5 14. Bd2 Ne5 15.
Nxe5 Bxe5 16. e4 Bd7 17. f4 Bd4+ 18. Kh2 Qd8 19. b3 b5 20. Ne2 Bb2 21. Rb1 Bh8
22. g4 Nf6 23. Ng3 h6 24. Rc1 Nh7 25. e5 dxe5 26. f5 e4 27. Nxe4 bxa4 28. bxa4
Qh4 29. Be1 Be5+ 30. Kh1 Qe7 31. d6 Qd8 32. fxg6 fxg6 33. Rxc5 Rc8 34. Ba5 Qh4
35. Rxc8 1-0

[Event "4NCL Division 2a"]
[Site "Solihull, ENG"]
[Date "2018.01.14"]
[Round "4.16"]
[White "Quinn, John M"]
[Black "Kolbus, Dietmar"]
[Result "1/2-1/2"]
[WhiteElo "2158"]
[BlackElo "2322"]
[PlyCount "47"]
[EventDate "2018.01.14"]
[WhiteTeam "Celtic Tigers"]
[BlackTeam "Manx Liberty"]

1. d4 Nf6 2. c4 g6 3. Nc3 Bg7 4. e4 d6 5. Nf3 O-O 6. h3 Na6 7. Bg5 h6 8. Be3 e5
9. d5 Qe8 10. g4 Nc5 11. Nd2 a5 12. Be2 Qd7 13. Rg1 Nh7 14. h4 g5 15. h5 Nf6
16. Qc2 Kh8 17. Rg3 Ng8 18. Bxc5 dxc5 19. Nf1 Bf6 20. Ne3 Be7 21. Rd1 Bd6 22.
Kf1 Ne7 23. Nb5 Qd8 24. Qc3 1/2-1/2

[Event "4NCL Division 2a"]
[Site "Solihull, ENG"]
[Date "2018.01.14"]
[Round "4.17"]
[White "Miah, Zahed"]
[Black "Skulte, Christopher"]
[Result "0-1"]
[WhiteElo "1751"]
[BlackElo "1952"]
[PlyCount "74"]
[EventDate "2018.01.14"]
[WhiteTeam "Manx Liberty"]
[BlackTeam "Celtic Tigers"]

1. d4 d5 2. Nf3 Nf6 3. Bf4 e6 4. e3 c5 5. c3 Nc6 6. Bd3 Bd6 7. Ne5 Qc7 8. Nxc6
Bxf4 9. exf4 bxc6 10. dxc5 Qxf4 11. Qd2 Qc7 12. O-O O-O 13. Na3 Qa5 14. Qe3 Nd7
15. Qh3 g6 16. Nc2 Qxc5 17. Rae1 Rb8 18. Re3 e5 19. Qh4 Qd6 20. Rh3 Nf6 21. g4
Rxb2 22. Ne3 e4 23. Bxe4 dxe4 24. Nc4 Qf4 25. Nxb2 Bxg4 26. Re3 Qf5 27. Nc4 g5
28. Qg3 Bf3 29. Qe5 Qg4+ 30. Qg3 Qf5 31. Qe5 Qg6 32. h3 Nd5 33. Ree1 Nf4 34.
Kh2 Qh5 35. Qf5 Qh4 36. Ne5 g4 37. Rg1 Qxh3# 0-1

[Event "4NCL Division 2a"]
[Site "Solihull, ENG"]
[Date "2018.01.14"]
[Round "4.18"]
[White "Larter, Nick J"]
[Black "Akeya-Price, Robert"]
[Result "1-0"]
[WhiteElo "1855"]
[BlackElo "1756"]
[PlyCount "77"]
[EventDate "2018.01.14"]
[WhiteTeam "Celtic Tigers"]
[BlackTeam "Manx Liberty"]

1. e4 c6 2. d4 d5 3. Nc3 dxe4 4. Bc4 Nf6 5. f3 exf3 6. Nxf3 Bg4 7. Ne5 Be6 8.
Bxe6 fxe6 9. O-O Nbd7 10. Bf4 g6 11. Qd3 Nxe5 12. Bxe5 Bg7 13. Ne4 O-O 14. Nc5
Qc8 15. Rae1 Nd7 16. Rxf8+ Nxf8 17. Bxg7 Kxg7 18. Qg3 Qb8 19. Qg5 Qd6 20. c3 b6
21. Ne4 Qc7 22. Ng3 Rd8 23. Nf5+ Kf7 24. Nh6+ Ke8 25. Qg4 Kd7 26. Nf7 Re8 27.
Qf3 Kc8 28. Ne5 Kb7 29. Qf7 Rd8 30. Rf1 Qd6 31. Qg7 Qb8 32. Qxe7+ Qc7 33. Qa3
c5 34. Rf7 Nd7 35. Qa4 Kc8 36. Nc6 Rf8 37. Nxa7+ Kd8 38. Nc6+ Ke8 39. Re7# 1-0

[Event "4NCL Division 2a"]
[Site "Solihull, ENG"]
[Date "2018.01.14"]
[Round "4.21"]
[White "Graham, David B"]
[Black "Lou, Yiping"]
[Result "0-1"]
[WhiteElo "2204"]
[BlackElo "2462"]
[PlyCount "66"]
[EventDate "2018.01.14"]
[WhiteTeam "Sussex Martlets 1"]
[BlackTeam "Kings Head"]

1. e4 c6 2. d4 d5 3. e5 Bf5 4. Nf3 e6 5. Be2 c5 6. Be3 cxd4 7. Nxd4 Ne7 8. O-O
Nbc6 9. f4 Nxd4 10. Bxd4 Nc6 11. c3 h5 12. Nd2 Be7 13. Bxh5 Nxd4 14. cxd4 Qb6
15. Nb3 a5 16. Rc1 a4 17. Nc5 Qxb2 18. Rf2 Qb4 19. g4 Bxc5 20. Rxc5 Be4 21. g5
O-O 22. Qd2 Qxd2 23. Rxd2 Rfc8 24. Rb2 Rxc5 25. dxc5 d4 26. Kf2 a3 27. Rd2 Ra5
28. Bd1 Bd5 29. Bf3 Bxf3 30. Kxf3 Rxc5 31. Rxd4 Rc2 32. Rd3 Rxa2 33. Rb3 Ra1
0-1

[Event "4NCL Division 2a"]
[Site "Solihull, ENG"]
[Date "2018.01.14"]
[Round "4.22"]
[White "Tukpetov, Evgeny"]
[Black "Cumming, Rhys"]
[Result "1-0"]
[WhiteElo "2244"]
[BlackElo "2155"]
[PlyCount "119"]
[EventDate "2018.01.14"]
[WhiteTeam "Kings Head"]
[BlackTeam "Sussex Martlets 1"]

1. e4 e5 2. Nc3 Nf6 3. Bc4 Nxe4 4. Qh5 Nd6 5. Qxe5+ Qe7 6. Qxe7+ Bxe7 7. Be2
O-O 8. Nf3 Nf5 9. d4 Nc6 10. Nd5 Bd8 11. c3 Nce7 12. Nb4 d5 13. h3 c6 14. Bf4
Ng6 15. Bh2 Nfh4 16. Nxh4 Nxh4 17. O-O Re8 18. Rfe1 Be7 19. Nd3 Bf5 20. Nc5
Bxc5 21. dxc5 Re6 22. Bf1 Rae8 23. Rxe6 Rxe6 24. f3 Bg6 25. Kf2 Nf5 26. Bf4 Kf8
27. Rd1 b6 28. g4 Ne7 29. Bd6 Ke8 30. c4 dxc4 31. Bxc4 Nd5 32. Bxd5 cxd5 33.
Rxd5 Kd7 34. cxb6 axb6 35. Bf8+ Kc6 36. Rd1 f5 37. Bxg7 Rd6 38. Rxd6+ Kxd6 39.
Bh6 Kd5 40. Ke3 b5 41. Kf4 fxg4 42. hxg4 Ke6 43. Kg5 Be8 44. Bg7 Bc6 45. f4 Bf3
46. f5+ Kf7 47. Bc3 Be2 48. Kf4 Bc4 49. a3 Bd3 50. g5 Bc2 51. Ke5 Bd3 52. f6
Bc4 53. Kd4 Be6 54. Kc5 Bd7 55. b4 Be8 56. a4 bxa4 57. b5 Ke6 58. b6 Kd7 59.
Be5 Kc8 60. Kd6 1-0

[Event "4NCL Division 2a"]
[Site "Solihull, ENG"]
[Date "2018.01.14"]
[Round "4.23"]
[White "Grant, David J"]
[Black "Kwiatkowski, Feliks J"]
[Result "0-1"]
[WhiteElo "2140"]
[BlackElo "2219"]
[PlyCount "116"]
[EventDate "2018.01.14"]
[WhiteTeam "Sussex Martlets 1"]
[BlackTeam "Kings Head"]

1. e4 c5 2. Nf3 Nc6 3. d4 cxd4 4. Nxd4 Nf6 5. Nc3 e5 6. Ndb5 d6 7. Bg5 a6 8.
Na3 b5 9. Bxf6 gxf6 10. Nd5 f5 11. c3 Bg7 12. exf5 Bxf5 13. Nc2 O-O 14. Nce3
Be6 15. Bd3 f5 16. O-O Kh8 17. Qh5 e4 18. Bc2 Ne7 19. Rad1 Bf7 20. Qh3 Nxd5 21.
Nxd5 Qg5 22. f4 exf3 23. Qxf3 Bh5 24. Qh3 Bxd1 25. Rxd1 Rae8 26. Rf1 Re5 27.
Qd3 Re4 28. Qf3 Re5 29. Qd3 Qh4 30. Nf4 Re1 31. Qxd6 Rd8 32. Qxd8+ Qxd8 33.
Rxe1 Bh6 34. Nd3 Kg7 35. Re6 Qd5 36. Re7+ Kg6 37. Re5 Qxa2 38. Rxf5 Kg7 39. Rf1
Bd2 40. Bb1 Qb3 41. g3 a5 42. h4 a4 43. g4 Qc4 44. Kh2 Qc7+ 45. Kh3 Qe7 46. Rf2
Be1 47. Rf4 Qe3+ 48. Kg2 Qe2+ 49. Kh3 Qd1 50. Nc5 Qe2 51. Ba2 Qe3+ 52. Kg2 Qg3+
53. Kh1 Qxh4+ 54. Kg2 Qg3+ 55. Kh1 Qh3+ 56. Kg1 Qe3+ 57. Kg2 Qxc5 58. Rf7+ Kg6
0-1

[Event "4NCL Division 2a"]
[Site "Solihull, ENG"]
[Date "2018.01.14"]
[Round "4.24"]
[White "Sun, Xinyue"]
[Black "Willson, Ollie"]
[Result "1/2-1/2"]
[WhiteElo "2146"]
[BlackElo "2087"]
[PlyCount "103"]
[EventDate "2018.01.14"]
[WhiteTeam "Kings Head"]
[BlackTeam "Sussex Martlets 1"]

1. e4 Nf6 2. e5 Nd5 3. c4 Nb6 4. d4 d6 5. exd6 exd6 6. Nc3 Be7 7. Bd3 Nc6 8.
Nge2 Bg4 9. Be3 Bh5 10. O-O O-O 11. b3 Re8 12. Qd2 Bg6 13. Bxg6 hxg6 14. Rfd1
Bf8 15. Rac1 Nc8 16. Ng3 N8e7 17. Bg5 Qd7 18. d5 Ne5 19. h3 Nf5 20. Nge4 Qc8
21. Re1 a6 22. Na4 b6 23. b4 a5 24. Rb1 Nxc4 25. Qc3 b5 26. bxa5 Rxa5 27. Nb2
Rxa2 28. Nxc4 bxc4 29. Qxc4 Ra8 30. Rbc1 Qb7 31. f3 Rac8 32. Rb1 Qa7+ 33. Kh2
Qd4 34. Qc6 Re5 35. Red1 Qa7 36. Bf4 Ree8 37. Rb7 Qa8 38. Rxc7 Rxc7 39. Qxc7
Rc8 40. Qb6 Rc2 41. Qb3 Qa2 42. Qxa2 Rxa2 43. Rb1 Ra5 44. g4 Nd4 45. Bxd6 Rxd5
46. Rb8 Ne6 47. Bxf8 Nxf8 48. g5 Re5 49. Kg3 Re6 50. Rd8 f5 51. Nc5 Re7 52. Nd3
1/2-1/2

[Event "4NCL Division 2a"]
[Site "Solihull, ENG"]
[Date "2018.01.14"]
[Round "4.25"]
[White "Brewer, Callum D"]
[Black "Guthrie, David"]
[Result "1/2-1/2"]
[WhiteElo "2140"]
[BlackElo "2181"]
[PlyCount "32"]
[EventDate "2018.01.14"]
[WhiteTeam "Sussex Martlets 1"]
[BlackTeam "Kings Head"]

1. e4 e5 2. Nf3 Nc6 3. Nc3 Nf6 4. d4 exd4 5. Nxd4 Bb4 6. Nxc6 bxc6 7. Bd3 d5 8.
exd5 cxd5 9. O-O O-O 10. Bg5 c6 11. Qf3 Bd6 12. Rae1 Rb8 13. b3 h6 14. Bf4 Rb4
15. Bxd6 Qxd6 16. Qg3 Qxg3 1/2-1/2

[Event "4NCL Division 2a"]
[Site "Solihull, ENG"]
[Date "2018.01.14"]
[Round "4.26"]
[White "Okike, David"]
[Black "Bucher, Grant W"]
[Result "1-0"]
[WhiteElo "2184"]
[BlackElo "2128"]
[PlyCount "67"]
[EventDate "2018.01.14"]
[WhiteTeam "Kings Head"]
[BlackTeam "Sussex Martlets 1"]

1. e4 Nf6 2. e5 Nd5 3. Nf3 d6 4. d4 g6 5. Bc4 c6 6. O-O Bg7 7. Re1 O-O 8. h3
dxe5 9. dxe5 Na6 10. a3 Nac7 11. Qe2 Nb6 12. Rd1 Qe8 13. Bd3 Be6 14. c4 Bd7 15.
Nc3 Qc8 16. Be3 c5 17. Nd5 Re8 18. Rac1 Bc6 19. b4 Ncxd5 20. cxd5 Nxd5 21. bxc5
Rd8 22. Bb5 Qc7 23. Re1 Bxe5 24. Nxe5 Qxe5 25. Qc2 Rac8 26. f4 Nxf4 27. Bxf4
Qxf4 28. Rxe7 Qg5 29. Re2 b6 30. Qd2 Qxd2 31. Rxd2 Ba8 32. Rxd8+ Rxd8 33. c6
Rc8 34. c7 1-0

[Event "4NCL Division 2a"]
[Site "Solihull, ENG"]
[Date "2018.01.14"]
[Round "4.27"]
[White "Lunn, Matthew"]
[Black "Gilfillan, Andrew"]
[Result "1/2-1/2"]
[WhiteElo "2081"]
[BlackElo "1979"]
[PlyCount "90"]
[EventDate "2018.01.14"]
[WhiteTeam "Sussex Martlets 1"]
[BlackTeam "Kings Head"]

1. d4 f5 2. g3 e6 3. Bg2 d5 4. Nf3 Nf6 5. O-O Bd6 6. c4 c6 7. b3 O-O 8. Ba3 Ne4
9. Ne5 Bxa3 10. Nxa3 Nd7 11. Nxd7 Bxd7 12. Nc2 Be8 13. Ne1 Bh5 14. Nf3 Bxf3 15.
exf3 Nd6 16. c5 Ne8 17. Re1 Rf6 18. f4 Nc7 19. b4 a5 20. a3 axb4 21. axb4 Rf8
22. Bf1 Qf6 23. Qd2 h6 24. h4 Kh7 25. Ra5 Rab8 26. Rb1 b6 27. Ra7 Rfc8 28. cxb6
Rxb6 29. Qc3 Nb5 30. Bxb5 Rxb5 31. Ra5 Rb6 32. Rc5 Qe7 33. Qe1 Rcb8 34. Qe5 Qf6
35. Qxf6 gxf6 36. h5 Rxb4 37. Re1 Rb1 38. Kf1 R8b6 39. Rxb1 Rxb1+ 40. Ke2 Rb6
41. Ra5 Rb7 42. Ra8 Rc7 43. Re8 Kg7 44. Rxe6 Kf7 45. Re3 c5 1/2-1/2

[Event "4NCL Division 2a"]
[Site "Solihull, ENG"]
[Date "2018.01.14"]
[Round "4.28"]
[White "Disu, Kayode"]
[Black "Forster, Matthew"]
[Result "0-1"]
[WhiteElo "1939"]
[BlackElo "2087"]
[PlyCount "110"]
[EventDate "2018.01.14"]
[WhiteTeam "Kings Head"]
[BlackTeam "Sussex Martlets 1"]

1. e4 c5 2. Nc3 g6 3. f4 Bg7 4. Nf3 Nc6 5. Bb5 Nd4 6. a4 a6 7. Bc4 e6 8. O-O
Ne7 9. e5 d5 10. exd6 Qxd6 11. d3 O-O 12. Ne4 Qc7 13. Nxd4 cxd4 14. a5 Nf5 15.
Kh1 b5 16. axb6 Qxb6 17. Qe1 Bb7 18. Qa5 Qc6 19. Qc5 Qd7 20. Qa5 Rfc8 21. Bb3
Qd8 22. Qb4 Rab8 23. Qe1 h5 24. Bd2 h4 25. Ba5 Qd7 26. Kg1 h3 27. g4 Ne3 28.
Qh4 Bxe4 29. dxe4 Nxf1 30. Kxf1 Rxb3 31. cxb3 Qb5+ 32. Kg1 Qxb3 33. Rf1 Qe3+
34. Qf2 Qxe4 35. Qf3 Qxf3 36. Rxf3 Rc2 37. Rxh3 Rxb2 38. Rd3 e5 39. fxe5 Bxe5
40. h3 Bf4 41. Ra3 Be3+ 42. Kf1 f5 43. gxf5 gxf5 44. Bc7 f4 45. Bxf4 Bxf4 46.
Rxa6 Be3 47. Rd6 Rh2 48. h4 Rxh4 49. Ke2 Kf7 50. Kd3 Ke7 51. Rd5 Rh8 52. Ke4
Rd8 53. Re5+ Kf6 54. Rf5+ Kg6 55. Rb5 d3 0-1

[Event "4NCL Division 2a"]
[Site "Solihull, ENG"]
[Date "2018.01.14"]
[Round "4.31"]
[White "Taylor, Adam C"]
[Black "Murphy, Hugh W"]
[Result "1-0"]
[WhiteElo "2260"]
[BlackElo "2113"]
[PlyCount "117"]
[EventDate "2018.01.14"]
[WhiteTeam "Wood Green Monarchs"]
[BlackTeam "Grantham Sharks 2"]

1. Nf3 d5 2. g3 Bg4 3. Bg2 Nd7 4. O-O c6 5. d3 e6 6. Nbd2 Bd6 7. Qe1 Ngf6 8. e4
Qc7 9. h3 Bh5 10. Nh4 g5 11. Nhf3 g4 12. hxg4 Bxg4 13. d4 Nxe4 14. Nxe4 dxe4
15. Qxe4 Nf6 16. Qe2 Qa5 17. Qd2 Qxd2 18. Nxd2 O-O 19. Ne4 Nxe4 20. Bxe4 Rad8
21. Bh6 Rfe8 22. Kg2 e5 23. dxe5 Bxe5 24. Bd3 Bh5 25. f4 Bf6 26. Rae1 Bxb2 27.
Rxe8+ Rxe8 28. Rb1 Bg7 29. Bxg7 Kxg7 30. Rxb7 Be2 31. Rxa7 Bxd3 32. cxd3 Re3
33. Ra3 Re2+ 34. Kf3 Rd2 35. Ke4 Kf6 36. Ra6 Rc2 37. d4 Ke7 38. Ke5 Re2+ 39.
Kf5 Kd6 40. Ra7 h5 41. Rxf7 Rxa2 42. Ke4 Re2+ 43. Kf3 Rh2 44. Rf5 Ke6 45. Re5+
Kd6 46. Re1 h4 47. g4 Rh3+ 48. Ke4 Rg3 49. g5 h3 50. Rh1 Ke6 51. f5+ Kf7 52.
Kf4 Rd3 53. Ke5 Re3+ 54. Kd6 Rd3 55. Kxc6 Rxd4 56. Rxh3 Rf4 57. g6+ Kf6 58. Rg3
Rd4 59. g7 1-0

[Event "4NCL Division 2a"]
[Site "Solihull, ENG"]
[Date "2018.01.14"]
[Round "4.32"]
[White "Purton, Ben J"]
[Black "Pein, Malcolm"]
[Result "0-1"]
[WhiteElo "2110"]
[BlackElo "2297"]
[PlyCount "60"]
[EventDate "2018.01.14"]
[WhiteTeam "Grantham Sharks 2"]
[BlackTeam "Wood Green Monarchs"]

1. c4 e5 2. g3 Nf6 3. Bg2 d5 4. cxd5 Nxd5 5. Nc3 Nb6 6. Nf3 Nc6 7. d3 Be7 8.
Be3 O-O 9. O-O Be6 10. Qc1 f6 11. Nd2 Qd7 12. Rd1 Bh3 13. Bh1 f5 14. Nc4 f4 15.
Bxb6 cxb6 16. Qd2 Qf5 17. Be4 Qh5 18. Bf3 Bg4 19. Bxg4 Qxg4 20. Ne4 b5 21. Ncd6
Bxd6 22. Nxd6 Nd4 23. f3 Qg6 24. Ne4 fxg3 25. hxg3 Rxf3 26. Kg2 Rxg3+ 27. Nxg3
Nf5 28. Qe1 Ne3+ 29. Kg1 Rf8 30. Rdc1 Qg4 0-1

[Event "4NCL Division 2a"]
[Site "Solihull, ENG"]
[Date "2018.01.14"]
[Round "4.33"]
[White "Pein, Jonathan"]
[Black "Willis, Rupert"]
[Result "1-0"]
[WhiteElo "2153"]
[BlackElo "2139"]
[PlyCount "89"]
[EventDate "2018.01.14"]
[WhiteTeam "Wood Green Monarchs"]
[BlackTeam "Grantham Sharks 2"]

1. e4 d6 2. g3 g6 3. Bg2 Bg7 4. Ne2 c5 5. c3 Nf6 6. d4 Nbd7 7. O-O O-O 8. h3 e5
9. a4 Qe7 10. d5 Ne8 11. Na3 f5 12. f3 b6 13. Be3 Ndf6 14. b4 Nh5 15. Bf2 Bh6
16. Qd3 Bd7 17. bxc5 dxc5 18. Nc4 Nd6 19. Nxd6 Qxd6 20. c4 fxe4 21. fxe4 Rf7
22. Be3 Bxe3+ 23. Qxe3 Rxf1+ 24. Bxf1 Nf6 25. Bg2 a5 26. Nc1 Qe7 27. Nd3 Ne8
28. Qd2 Nd6 29. Qc3 Re8 30. Nf2 Qg5 31. h4 Qe7 32. Rb1 Nc8 33. Bh3 Bxh3 34.
Nxh3 h6 35. Qf3 Kg7 36. h5 Rf8 37. Qc3 gxh5 38. Nf4 Kh7 39. Ne6 Rg8 40. Qxe5 h4
41. Qf5+ Kh8 42. Qe5+ Kh7 43. Rf1 hxg3 44. Qh5 Nd6 45. e5 1-0

[Event "4NCL Division 2a"]
[Site "Solihull, ENG"]
[Date "2018.01.14"]
[Round "4.34"]
[White "Cumbers, Paul"]
[Black "Longson, Sarah N"]
[Result "1/2-1/2"]
[WhiteElo "2174"]
[BlackElo "2177"]
[PlyCount "57"]
[EventDate "2018.01.14"]
[WhiteTeam "Grantham Sharks 2"]
[BlackTeam "Wood Green Monarchs"]

1. d4 d5 2. c4 dxc4 3. e4 Nc6 4. Nf3 Nf6 5. Nc3 Bg4 6. Be3 e6 7. Bxc4 Bb4 8.
Qd3 O-O 9. O-O Bxf3 10. gxf3 Nh5 11. e5 Qe7 12. Qe4 f5 13. exf6 Qxf6 14. Qxe6+
Qxe6 15. Bxe6+ Kh8 16. Nd5 Bd6 17. Rac1 Nf6 18. Nxf6 Rxf6 19. Bd5 Nd8 20. Kh1
Rf5 21. Be4 Rh5 22. f4 Rh4 23. f3 Ne6 24. Rc2 Nxf4 25. Bxb7 Re8 26. Be4 Nh5 27.
Kg1 Nf4 28. Kh1 Nh5 29. Kg1 1/2-1/2

[Event "4NCL Division 2a"]
[Site "Solihull, ENG"]
[Date "2018.01.14"]
[Round "4.35"]
[White "Sygnowski, Tomasz"]
[Black "Milson, Samuel A"]
[Result "0-1"]
[WhiteElo "2151"]
[BlackElo "2096"]
[PlyCount "56"]
[EventDate "2018.01.14"]
[WhiteTeam "Wood Green Monarchs"]
[BlackTeam "Grantham Sharks 2"]

1. e4 e6 2. d4 d5 3. e5 c5 4. Nf3 Nc6 5. Bd3 cxd4 6. O-O Qb6 7. a3 Nge7 8. Re1
Ng6 9. Nbd2 Be7 10. Nf1 f6 11. exf6 gxf6 12. Nh4 f5 13. Nxg6 hxg6 14. b4 Bf6
15. Qf3 Kf7 16. g4 Ne5 17. Rxe5 Bxe5 18. Bg5 Qd6 19. h4 Bf6 20. Re1 Bxg5 21.
hxg5 Rh4 22. gxf5 gxf5 23. Ng3 Bd7 24. Kf1 Rah8 25. c4 dxc3 26. Bc2 Qf4 27.
Qxc3 Bb5+ 28. Kg1 Rh1+ 0-1

[Event "4NCL Division 2a"]
[Site "Solihull, ENG"]
[Date "2018.01.14"]
[Round "4.36"]
[White "Birtwistle, Nigel"]
[Black "Serbanescu, Diana-Maria"]
[Result "1-0"]
[WhiteElo "2143"]
[BlackElo "1989"]
[PlyCount "101"]
[EventDate "2018.01.14"]
[WhiteTeam "Grantham Sharks 2"]
[BlackTeam "Wood Green Monarchs"]

1. Nf3 Nf6 2. g3 g6 3. Bg2 Bg7 4. d4 d6 5. O-O O-O 6. c4 Nbd7 7. Nc3 e5 8. h3
c6 9. dxe5 dxe5 10. Be3 Qc7 11. Qb3 Re8 12. Rfd1 Bf8 13. Qc2 Nc5 14. b4 Bf5 15.
Qb2 Ncd7 16. Rac1 Nb6 17. Nd2 Rad8 18. Qb3 h6 19. a4 Be6 20. a5 Nc8 21. Nce4
Nxe4 22. Nxe4 Bg7 23. Nc5 Bf5 24. g4 Be6 25. Rxd8 Rxd8 26. Nxe6 fxe6 27. Be4 g5
28. c5 Kf7 29. a6 bxa6 30. Ra1 Qb7 31. Ra5 Ne7 32. Qa4 Nd5 33. Rxa6 Qxb4 34.
Rxa7+ Kg8 35. Qxb4 Nxb4 36. Re7 Nd5 37. Rxe6 Nxe3 38. fxe3 Rd1+ 39. Kf2 Rc1 40.
Rxc6 Bf8 41. Bd5+ Kg7 42. Rc7+ Kg6 43. c6 Bd6 44. Rd7 Bb8 45. Be4+ Kf6 46. Rh7
Rc3 47. Rxh6+ Kf7 48. h4 gxh4 49. g5 Kg7 50. Rh7+ Kg8 51. Rd7 1-0

[Event "4NCL Division 2a"]
[Site "Solihull, ENG"]
[Date "2018.01.14"]
[Round "4.37"]
[White "Green, Michael"]
[Black "Kafka, Graeme"]
[Result "1/2-1/2"]
[WhiteElo "2035"]
[BlackElo "2064"]
[PlyCount "77"]
[EventDate "2018.01.14"]
[WhiteTeam "Wood Green Monarchs"]
[BlackTeam "Grantham Sharks 2"]

1. Nf3 d5 2. c4 c6 3. b3 Nf6 4. g3 Bf5 5. Bg2 e6 6. O-O h6 7. d3 Be7 8. Nbd2
Bh7 9. Bb2 O-O 10. Rc1 Nbd7 11. Rc2 a5 12. a3 Re8 13. Qa1 Bf8 14. Rfc1 Qb6 15.
h3 Bc5 16. Bd4 Bxd4 17. Qxd4 Qxd4 18. Nxd4 e5 19. cxd5 exd4 20. dxc6 bxc6 21.
Bxc6 Rac8 22. Nf3 Bf5 23. g4 Be6 24. Nxd4 Kf8 25. Ba4 Rxc2 26. Rxc2 Rb8 27.
Nxe6+ fxe6 28. Rc7 Nb6 29. Bb5 Nbd5 30. Rc5 Nc3 31. Bc4 Nxe2+ 32. Kg2 Nd4 33.
Rxa5 Nxb3 34. Rb5 Rxb5 35. Bxb5 Nd5 36. Bc4 Nc5 37. Kf3 Nb6 38. Bb5 e5 39. g5
1/2-1/2

[Event "4NCL Division 2a"]
[Site "Solihull, ENG"]
[Date "2018.01.14"]
[Round "4.38"]
[White "McLaverty, Claire E"]
[Black "Guha, Chirag"]
[Result "0-1"]
[WhiteElo "1861"]
[BlackElo "1982"]
[PlyCount "53"]
[EventDate "2018.01.14"]
[WhiteTeam "Grantham Sharks 2"]
[BlackTeam "Wood Green Monarchs"]

1. d4 d5 2. Nf3 Nf6 3. e3 e6 4. Bd3 Be7 5. O-O O-O 6. b3 c5 7. Bb2 Nbd7 8. Nbd2
b6 9. c4 Bb7 10. Ne5 Ne4 11. Nxd7 Qxd7 12. Qc2 Nxd2 13. Qxd2 dxc4 14. Bxc4 Qc6
15. f3 Rfd8 16. Qe2 Bf6 17. Rfd1 cxd4 18. Bxd4 Bxd4 19. Rxd4 Rxd4 20. exd4 Rd8
21. Qe5 a6 22. a4 Qc8 23. Rd1 Bd5 24. Qe2 b5 25. axb5 axb5 26. Bxb5 Bxb3 27.
Qb2 0-1

[Event "4NCL Division 2a"]
[Site "Solihull, ENG"]
[Date "2018.01.14"]
[Round "4.41"]
[White "Townsend, M Paul"]
[Black "Chapman, Terry P D"]
[Result "1-0"]
[WhiteElo "2267"]
[BlackElo "2190"]
[PlyCount "51"]
[EventDate "2018.01.14"]
[WhiteTeam "White Rose 2"]
[BlackTeam "Barbican Youth"]

1. Nf3 Nf6 2. d4 d5 3. Bf4 Nh5 4. Bd2 g6 5. c4 c6 6. e3 Bg7 7. Nc3 O-O 8. Qb3
Nf6 9. cxd5 cxd5 10. Ne5 e6 11. Rc1 Ne8 12. Bd3 f6 13. Nf3 Nc6 14. e4 dxe4 15.
Nxe4 Nxd4 16. Nxd4 Qxd4 17. O-O Qb6 18. Qa4 f5 19. Nc5 Qxb2 20. Nb3 Nd6 21. Bb4
b5 22. Qa5 Nb7 23. Qxb5 Rd8 24. Be7 a6 25. Qc6 Qxa2 26. Bxd8 1-0

[Event "4NCL Division 2a"]
[Site "Solihull, ENG"]
[Date "2018.01.14"]
[Round "4.42"]
[White "Coleman, David J"]
[Black "Barry, Colm"]
[Result "0-1"]
[WhiteElo "2055"]
[BlackElo "2102"]
[PlyCount "46"]
[EventDate "2018.01.14"]
[WhiteTeam "Barbican Youth"]
[BlackTeam "White Rose 2"]

1. e4 d5 2. exd5 Qxd5 3. Nc3 Qa5 4. d4 Nf6 5. Nf3 c6 6. Bc4 Bg4 7. Bd2 e6 8. h3
Bh5 9. Qe2 Bb4 10. O-O-O Nbd7 11. Kb1 O-O-O 12. a3 Bxc3 13. Bxc3 Qc7 14. Ba2
Nd5 15. Bd2 Nf4 16. Qe4 Nxg2 17. Rhg1 Nf6 18. Qd3 Nf4 19. Qb3 Ne4 20. Be1 Ne2
21. Rxg7 Qf4 22. Ba5 Bxf3 23. Re1 Rxd4 0-1

[Event "4NCL Division 2a"]
[Site "Solihull, ENG"]
[Date "2018.01.14"]
[Round "4.43"]
[White "Gayson, Peter M"]
[Black "Brett, Andrew R"]
[Result "1/2-1/2"]
[WhiteElo "2150"]
[BlackElo "2116"]
[PlyCount "59"]
[EventDate "2018.01.14"]
[WhiteTeam "White Rose 2"]
[BlackTeam "Barbican Youth"]

1. e4 e5 2. Nf3 Nc6 3. d4 exd4 4. Bc4 Nf6 5. O-O Nxe4 6. Re1 d5 7. Bxd5 Qxd5 8.
Nc3 Qd7 9. Nxe4 Be7 10. Bg5 O-O 11. Bxe7 Qxe7 12. Nxd4 Bd7 13. Nb3 Rae8 14. Re3
Qd8 15. Qe2 b6 16. Rd1 Qc8 17. Re1 Re6 18. f4 f6 19. Qc4 Kh8 20. Nc3 Rxe3 21.
Rxe3 Re8 22. Qe2 Rxe3 23. Qxe3 Bf5 24. Nd5 Bxc2 25. Nxc7 Bxb3 26. axb3 Qd7 27.
Nd5 Qxd5 28. Qe8+ Qg8 29. Qxc6 Qd8 30. Qc3 1/2-1/2